Western cities in North Carolina - Statistics

General Stats
  • This quiz has been taken 9 times
  • The average score is 5 of 10
Answer Stats
City Longitude
(W)
% Correct
Asheville -82.5
100%
Gastonia -81.1
78%
Hickory -81.3
67%
Hendersonville -82.4
56%
Charlotte -80.8
33%
Lenoir -81.5
33%
Morganton -81.6
33%
Shelby -81.5
33%
Lincolnton -81.2
22%
Conover -81.2
0%
No matching quizzes found
Score Distribution
Percent of People with Each Score
Percentile by Number Answered
Your Score History
You have not taken this quiz